LEADER 00928nam a2200217 i 4500 001 991002940729707536 008 160624s1849 de 000 0 ger d 035 $ab14257543-39ule_inst 040 $aDip. di Studi Umanistici$bita 100 1 $aArrianus, Flavius$04213 245 10$aArrians Anabasis /$cerklaert von C. Sintenis 260 $aLeipzig :$bWeidmannsche Buchhandlung,$c1849 300 $a2 v. in 1 (XXVIII, 184 p. ; 238 p.) ; 20 cm + 1 carta geogr. ripieg. 500 $a1. Bändchen : 1.-3. Buch ; 2. Bändchen : 4.-7. Buch 700 1 $aSintenis, Karl Heinrich Ferdinand 907 $a.b14257543$b24-06-16$c24-06-16 912 $a991002940729707536 945 $aLE007 880.1 Arrianus Flavius 1849-01$g1$i2007000272138$lle007$nLE007 2016 Pregresso$o-$pE0.00$q-$rl$s- $t0$u0$v0$w0$x0$y.i15726617$z24-06-16 996 $aAlexandri Anabasis$917190 997 $aUNISALENTO 998 $ale007$b24-06-16$cm$da $e-$fger$gde $h0$i0 LEADER 01068nam0-22003131i-450 001 990004260860403321 005 20250324120109.0 010 $a0-905712-00-5 035 $a000426086 100 $a20010727f1933----km-y0itay50------ba 101 0 $aeng 105 $ay-------001ay 200 1 $a<>Time machine$a<> Island of Dr Moreau$a<> Invisible man$a<> First men in the moon$a<> Food of the gods$aIn the days of the comet$a<> War of the worlds$fH. G. Wells 210 $aLondon$cHeinemann$d1933 215 $a828 p.$d24 cm 700 1$aWells,$bHerbert George$f<1866-1946>$0184654 801 0$aIT$bUNINA$gRICA$2UNIMARC 901 $aBK 912 $a990004260860403321 952 $a823.912 WELH 09$b39454$fFLFBC 959 $aFLFBC 996 $aInvisible man$9147163 996 $aFirst men in the moon$9491068 996 $aIsland of Dr Moreau$9491067 996 $aIn the days of the comet$9491070 996 $aFood of the gods$9491069 996 $aWar of the worlds$924325 996 $aTime machine$9147160 997 $aUNINA